[Event "Challenge"]
[Site "http://www.queenalice.com/game.php?id=13282"]
[Date "2005.5.16"]
[Round "-"]
[White "jbrcron"]
[Black "renatominicucci"]
[Result "1-0"]
[WhiteElo "1570"]
[BlackElo "1488"]

1. e4 e5 2. Nf3 Nc6 3. Nc3 Bc5 4. d3 Nf6 5. g3 d6 6. Bg2 Bg4 7. h3 Bxf3 8. Bxf3
O-O 9. Bg5 a5 10. Nb5 Nb4 11. c3 Na6 12. c4 c6 13. Nc3 h6 14. Bxf6 Qxf6 15. a3
Nc7 16. b4 axb4 17. axb4 Rxa1 18. Qxa1 Bxb4 19. Bg2 Ra8 20. Qb2 Bc5 21. O-O Bd4
22. Qxb7 Ra7 23. Qc8+ Kh7 24. Ne2 d5 25. Nxd4 dxe4 26. Bxe4+ g6 27. Nxc6 Ra6 28.
Qxc7 Qe6 29. Nxe5 Qxe5 30. Qxe5 Re6 31. Qc7 Kg7 32. f4 h5 33. Bd5 Rf6 34. Re1 h4
35. Re7 hxg3 36. Bxf7 Kh6 37. Bg8 g5 38. Rh7+ Kg6 39. Qg7+ Kf5 40. Qxg5# 1-0

[Event "Challenge"]
[Site "http://www.queenalice.com/game.php?id=13283"]
[Date "2005.5.16"]
[Round "-"]
[White "zerocyber"]
[Black "renatominicucci"]
[Result "1/2-1/2"]
[WhiteElo "1208"]
[BlackElo "1530"]

1. e4 e5 2. Nf3 Qf6 3. b4 Bxb4 4. c3 Bd6 5. a4 Nh6 6. h3 a6 7. h4 Ng4 8. d4 exd4
9. cxd4 Be7 10. Qc2 Bb4+ 11. Kd1 Nc6 12. Rh3 d5 13. h5 dxe4 14. Qxe4+ Be7 15. d5
Nxf2+ 16. Ke1 Nxe4 17. Bd3 Qxa1 18. Bxe4 Bxh3 19. gxh3 Bb4+ 20. Kd1 Nd4 21. Nfd2
Qxa4+ 22. Ke1 Bxd2+ 23. Kxd2 Nb3+ 24. Kc2 Nd4+ 25. Kd3 Rd8 26. Nc3 Qa1 27. Bf4
Qf1+ 28. Ke3 O-O 29. Bxc7 Rde8 30. Kxd4 f5 31. Bd3 f4 32. Bxf1 f3 33. d6 Rc8 34.
Nd5 Rf7 35. Ne7+ Rxe7 36. dxe7 Re8 37. Bd6 Kf7 38. Ke3 Ke6 39. Bb4 b6 40. Kxf3
a5 41. Bc3 Rxe7 42. Bd3 a4 43. Bxh7 a3 44. Bg8+ Kf5 45. Bb4 Ra7 46. Bc3 a2 47.
Ba1 Ra3+ 48. Ke2 Rxh3 49. Bxa2 Rh2+ 50. Kd3 Rxa2 51. Bxg7 Rh2 52. h6 Kg6 53. Bf8
Kh7 54. Kc4 Rxh6 55. Bxh6 Kxh6 56. Kb5 Kh5 57. Kxb6 Kg5 1/2-1/2

[Event "Challenge"]
[Site "http://www.queenalice.com/game.php?id=13305"]
[Date "2005.5.17"]
[Round "-"]
[White "renatominicucci"]
[Black "LL"]
[Result "1-0"]
[WhiteElo "1490"]
[BlackElo "1548"]

1. e4 d5 2. exd5 Qxd5 3. Nc3 Qe5+ 4. Be2 b6 5. Nf3 Qe6 6. O-O Nc6 7. Re1 Qg6 8.
g3 Bg4 9. Nh4 Qg5 10. Bxg4 Nd4 11. d3 Qc5 12. Be3 e5 13. Bf3 Nxf3+ 14. Qxf3 Rd8
15. Bxc5 bxc5 16. Rxe5+ Be7 17. Qc6+ Rd7 18. Nd5 Nf6 19. Rxe7+ Kd8 20. Qa8# 1-0

[Event "Challenge"]
[Site "http://www.queenalice.com/game.php?id=13307"]
[Date "2005.5.17"]
[Round "-"]
[White "renatominicucci"]
[Black "nightsend"]
[Result "0-1"]
[WhiteElo "1516"]
[BlackElo "2007"]

1. e4 e5 2. Nf3 Nc6 3. Bc4 Nf6 4. d3 Be7 5. Nc3 O-O 6. Bg5 Nxe4 7. Bxe7 Nxc3 8.
bxc3 Qxe7 9. O-O d6 10. Re1 Bg4 11. d4 Qf6 12. Be2 Rfe8 13. Bb5 e4 14. Bxc6 bxc6
15. h3 Bh5 16. g4 exf3 17. Rxe8+ Rxe8 18. gxh5 Qg5+ 19. Kh2 Qg2# 0-1

[Event "Challenge"]
[Site "http://www.queenalice.com/game.php?id=13644"]
[Date "2005.5.19"]
[Round "-"]
[White "renatominicucci"]
[Black "gutopa"]
[Result "0-1"]
[WhiteElo "1532"]
[BlackElo "1464"]

1. e4 e6 2. e5 Nc6 3. d4 Bb4+ 4. c3 Ba5 5. b4 Bb6 6. a4 a5 7. b5 Na7 8. Nh3 d6
9. Bg5 f6 10. exf6 gxf6 11. Bh4 e5 12. d5 Qd7 13. Bxf6 Nxf6 14. Bd3 Qf7 15. Ng5
Qh5 16. Nf3 e4 17. Bxe4 Nxe4 18. O-O Rg8 19. Re1 Qg4 20. g3 Bxf2+ 21. Kg2 Bxe1
22. Qxe1 Bf5 23. Nbd2 O-O-O 24. Nf1 Rde8 25. Qe3 b6 26. c4 Nf6 27. Qc3 Re2+ 28.
Kg1 Qh3 29. Nh4 Ne4 30. Qf3 Bg4 31. Qf7 Rg6 32. Qxh7 Bf5 33. Qh5 Nxg3 34. Nxg3
Rxg3+ 35. Kh1 Be4+ 36. Qf3 Bxf3+ 37. Nxf3 Qg2# 0-1

[Event "AUTO-OPEN-46"]
[Site "http://www.queenalice.com/game.php?id=13934"]
[Date "2005.5.22"]
[Round "2"]
[White "Catamarca"]
[Black "renatominicucci"]
[Result "1-0"]
[WhiteElo "1791"]
[BlackElo "1478"]

1. e4 e5 2. Bc4 h6 3. Nf3 d6 4. h3 Nf6 5. d3 b6 6. a4 c6 7. Nc3 d5 8. exd5 cxd5
9. Bb5+ Bd7 10. Nxe5 Bxb5 11. axb5 Bb4 12. O-O Bxc3 13. bxc3 Qd6 14. Re1 O-O 15.
Ba3 Qd8 16. Bxf8 Qxf8 17. Qf3 Qd6 18. d4 Nbd7 19. Nc6 Ne4 20. Rxe4 Nf6 21. Rf4
Re8 22. Rxf6 Qd7 23. Rf4 Re6 24. Kf1 f6 25. Rxa7 Qd6 26. Rf5 Qh2 27. g4 Kh7 28.
Qg2 Re1+ 29. Kxe1 Qxg2 30. Rxf6 Qxh3 31. Rff7 Qxg4 32. Rxg7+ Qxg7 33. Rxg7+ Kxg7
34. Ne7 h5 35. Nxd5 h4 36. Kf1 Kg6 37. Nxb6 Kg5 38. Nd5 h3 39. Kg1 Kg4 40. b6
Kf3 41. b7 h2+ 42. Kxh2 Kxf2 43. b8=Q Ke2 44. Qf4 Kd1 45. Nb4 Ke1 46. Kg2 Kd1
47. Qf1+ Kd2 48. Qf4+ Kxc3 49. d5 Kb2 50. c4 Kb3 51. c5 Ka4 52. Nc6+ Kb5 53.
Qb4+ Ka6 54. Qb6# 1-0

[Event "AUTO-OPEN-46"]
[Site "http://www.queenalice.com/game.php?id=13935"]
[Date "2005.5.22"]
[Round "2"]
[White "renatominicucci"]
[Black "Catamarca"]
[Result "0-1"]
[WhiteElo "1501"]
[BlackElo "1685"]

1. e4 d6 2. Bc4 c5 3. Nc3 Nf6 4. Nf3 g6 5. Ng5 e6 6. O-O h6 7. Nf3 Bd7 8. d4 b5
9. Be2 c4 10. Re1 Bc6 11. e5 Ne4 12. Nxe4 Bxe4 13. b3 d5 14. bxc4 bxc4 15. c3
Bg7 16. Qa4+ Qd7 17. Qxd7+ Nxd7 18. Ba3 Bf8 19. Bxf8 Nxf8 20. Rab1 Bxb1 21. Rxb1
Nd7 22. Bd1 Nb6 23. g4 g5 24. Rb4 Ke7 25. Ne1 h5 26. Nc2 f5 27. gxf5 exf5 28.
Ne3 Ke6 29. Bf3 f4 30. Nc2 Rab8 31. Na3 a6 32. Nc2 g4 33. Be2 Nd7 34. Ra4 Rb1+
35. Kg2 f3+ 36. Bxf3 gxf3+ 37. Kxf3 Rf8+ 38. Ke3 Rf1 39. Rxa6+ Ke7 40. Nb4 Rf5
41. e6 Re1+ 42. Kd2 Rxe6 43. Ra7 Rxf2+ 44. Kc1 Re1# 0-1

[Event "AUTO-OPEN-46"]
[Site "http://www.queenalice.com/game.php?id=13939"]
[Date "2005.5.22"]
[Round "2"]
[White "renatominicucci"]
[Black "MarcosRamos"]
[Result "0-1"]
[WhiteElo "1497"]
[BlackElo "1871"]

1. e4 c6 2. Nf3 d5 3. exd5 cxd5 4. Nd4 Nf6 5. Bb5+ Bd7 6. Bxd7+ Qxd7 7. O-O Nc6
8. c3 e6 9. b4 Be7 10. b5 Nxd4 11. cxd4 O-O 12. Nc3 Rfc8 13. Qf3 Bb4 14. Ne2
Qxb5 15. a3 Ba5 16. a4 Qd7 17. Qg3 Rc2 18. Nf4 Ne4 19. Qd3 Rac8 20. Nh5 Qc6 21.
Qf3 f5 22. Qf4 Rxc1 23. Qe5 Rxf1+ 24. Kxf1 Nxd2+ 25. Ke2 Qc4+ 26. Kd1 Qc2+ 27.
Ke2 Nc4+ 28. Kf3 Nxe5+ 29. Kg3 Qc3+ 30. f3 Qxa1 31. h3 Qxd4 32. Nxg7 Kxg7 33. f4
Qe3+ 0-1

[Event "Challenge"]
[Site "http://www.queenalice.com/game.php?id=14365"]
[Date "2005.5.26"]
[Round "-"]
[White "alepitboe"]
[Black "renatominicucci"]
[Result "0-1"]
[WhiteElo "1385"]
[BlackElo "1492"]

1. e4 e5 2. f3 d5 3. Nc3 dxe4 4. fxe4 Bc5 5. d3 Qf6 6. Nf3 h6 7. Nd5 Qd6 8. d4
Bb6 9. dxe5 Qb4+ 10. c3 Qxe4+ 11. Be2 Qg4 12. g3 Qh3 13. Ng1 Qg2 14. Nxc7+ Bxc7
15. Bf3 Bg4 16. Bxg4 Qxh1 17. Kf1 Bb6 18. Bf3 Qxg1+ 19. Ke2 Qxh2+ 20. Kd3 Nc6
21. Ke4 Qxg3 22. Bf4 Qg6+ 0-1

[Event "Vai encarar???"]
[Site "http://www.queenalice.com/game.php?id=14366"]
[Date "2005.5.26"]
[Round "-"]
[White "renatominicucci"]
[Black "fmucillo"]
[Result "0-1"]
[WhiteElo "1493"]
[BlackElo "1514"]

1. e4 Nf6 2. e5 Ng4 3. Qxg4 d6 4. Qe4 dxe5 5. Qxe5 Qd6 6. Qxd6 exd6 7. Nc3 a6 8.
Nd5 Kd7 9. Nf3 Nc6 10. d3 h5 11. Bf4 f6 12. c4 b6 13. Nh4 a5 14. Ng6 Rg8 15. g3
Bb7 16. Bh3+ Ke8 17. O-O Nd4 18. Nxc7+ Kf7 19. Nxa8 Bxa8 20. Nh4 Ne2# 0-1

[Event "Marison x renatominicucci"]
[Site "http://www.queenalice.com/game.php?id=14522"]
[Date "2005.5.28"]
[Round "-"]
[White "marison"]
[Black "renatominicucci"]
[Result "1-0"]
[WhiteElo "1427"]
[BlackElo "1522"]

1. e4 e5 2. Nc3 Nf6 3. a3 Bc5 4. Nf3 Ng4 5. h3 Nxf2 6. Qe2 Nxh1 7. Nxe5 d6 8.
Nd3 Ng3 9. Qf3 Qg5 10. Nxc5 Qxc5 11. Qxg3 O-O 12. d3 Nc6 13. Be3 Nd4 14. Bxd4
Qxd4 15. O-O-O b5 16. Nxb5 Qc5 17. d4 Qc6 18. d5 Qc5 19. Bd3 a6 20. Nc3 Qb6 21.
Qh4 c5 22. e5 h6 23. e6 fxe6 24. Qe4 e5 25. Qh7+ Kf7 26. Rf1+ Ke7 27. Qxg7+ Kd8
28. Rxf8# 1-0

[Event "Minicucci X Marison"]
[Site "http://www.queenalice.com/game.php?id=14935"]
[Date "2005.6.1"]
[Round "-"]
[White "marison"]
[Black "renatominicucci"]
[Result "1-0"]
[WhiteElo "1446"]
[BlackElo "1495"]

1. e4 e5 2. Nc3 Bc5 3. Nf3 Nc6 4. Bb5 a6 5. Bxc6 dxc6 6. Nxe5 Qf6 7. d4 Bb6 8.
Be3 Ba5 9. Qd2 Bxc3 10. Qxc3 b5 11. O-O-O Ne7 12. g4 O-O 13. h4 a5 14. g5 Qd6
15. f4 b4 16. Qc5 Qxc5 17. dxc5 g6 18. h5 Be6 19. b3 a4 20. hxg6 fxg6 21. Rdf1
axb3 22. axb3 Ra3 23. Bd2 Nc8 24. Bxb4 Ra8 25. Nxc6 Bg4 26. Ne5 Ra1+ 27. Kb2
Rxf1 28. Rxf1 Be2 29. Rf2 Bb5 30. c6 Rd8 31. f5 gxf5 32. exf5 Nb6 33. c4 Ba6 34.
Be7 Rd4 35. f6 Re4 36. f7+ 1-0

[Event "Foi entÃ£o.."]
[Site "http://www.queenalice.com/game.php?id=14965"]
[Date "2005.6.1"]
[Round "-"]
[White "gutopa"]
[Black "renatominicucci"]
[Result "0-1"]
[WhiteElo "1520"]
[BlackElo "1466"]

1. e4 e5 2. Bc4 c6 3. Qh5 Nh6 4. Qxe5+ Be7 5. Qxg7 Rg8 6. Qxh6 Rxg2 7. Qxh7 Qb6
8. Qxf7+ Kd8 9. Nh3 d5 10. Rg1 Rxg1+ 11. Nxg1 dxc4 12. Qxc4 Nd7 13. Na3 Bh4 14.
Nh3 Ne5 15. Qg8+ Kc7 16. Qh7+ Bd7 17. Qxh4 Nf3+ 18. Kf1 Nxh4 19. d3 Bxh3+ 20.
Ke2 Rf8 21. Be3 Qxb2 22. Rb1 Qxa3 23. Bg5 Ng2 24. Rb3 Qc5 25. f4 Qxc2+ 26. Kf3
Ne1+ 27. Ke3 Be6 28. Rb4 Qxd3+ 29. Kf2 Qd2+ 30. Kf1 Bh3+ 31. Kg1 Qg2# 0-1

[Event "Minicucci X Marison"]
[Site "http://www.queenalice.com/game.php?id=16145"]
[Date "2005.6.14"]
[Round "-"]
[White "marison"]
[Black "renatominicucci"]
[Result "0-1"]
[WhiteElo "1518"]
[BlackElo "1475"]

1. e4 e5 2. a3 Bc5 3. Nf3 Qf6 4. c3 d6 5. d4 exd4 6. cxd4 Bb6 7. Bc4 Bg4 8. d5
Bxf3 9. Qxf3 Qd4 10. Bb5+ c6 11. dxc6 bxc6 12. Bd3 Nf6 13. Nc3 Ba5 14. Bd2 Nbd7
15. O-O Ne5 16. Qe2 Nxd3 17. b4 Bb6 18. Qe3 Qc4 19. Qf3 O-O 20. Qg3 g6 21. Na4
Nxe4 22. Qf3 Bxf2+ 23. Kh1 Nxd2 24. Rxf2 Nxf3 0-1

[Event "Nao curti perder pra vc!!!"]
[Site "http://www.queenalice.com/game.php?id=21050"]
[Date "2005.7.23"]
[Round "-"]
[White "renatominicucci"]
[Black "fmucillo"]
[Result "0-1"]
[WhiteElo "1437"]
[BlackElo "1481"]

1. e4 e5 2. Nf3 Qf6 3. Bc4 Bc5 4. Nc3 c6 5. d3 d6 6. Bg5 Qg6 7. Qd2 Bb4 8. a3
Bxc3 9. Qxc3 Bg4 10. Nxe5 dxe5 11. Qxe5+ Be6 12. Bxe6 fxe6 13. f4 Qf7 14. O-O
Nd7 15. Qc3 Ngf6 16. e5 Nd5 17. Qd2 h6 18. Bh4 Qh5 19. Bg3 Nc5 20. f5 exf5 21.
c4 Nb3 22. Qe1 Nxa1 23. cxd5 Nc2 24. Qd2 Nd4 25. d6 O-O 26. Qc3 Ne2+ 27. Kh1
Nxg3+ 28. Kg1 Ne2+ 29. Kh1 Nxc3 0-1

[Event "simone"]
[Site "http://www.queenalice.com/game.php?id=23047"]
[Date "2005.8.7"]
[Round "-"]
[White "Simone"]
[Black "renatominicucci"]
[Result "1-0"]
[WhiteElo "1336"]
[BlackElo "1458"]

1. Nc3 e5 2. e4 Qf6 3. Nf3 Bc5 4. d3 Nh6 5. Nd5 Qc6 6. Nxe5 Qd6 7. Nc4 Qc6 8.
Bxh6 gxh6 9. Qd2 b5 10. Qc3 bxc4 11. Qxh8+ Bf8 12. dxc4 Na6 13. Nf6+ Ke7 14.
Ng8+ Ke8 15. Nf6+ Ke7 16. Nd5+ Ke8 17. Qe5+ Kd8 18. Qh8 Ke8 19. b4 Qd6 20. Rd1
Bb7 21. Nf6+ Qxf6 22. Qxf6 Nxb4 23. Qe5+ Be7 24. Qh8+ Bf8 25. Bd3 d6 26. Qb2 c5
27. a3 a5 28. axb4 cxb4 29. O-O 1-0

[Event "tÃ´ de volta!!"]
[Site "http://www.queenalice.com/game.php?id=23548"]
[Date "2005.8.10"]
[Round "-"]
[White "gutopa"]
[Black "renatominicucci"]
[Result "1-0"]
[WhiteElo "1454"]
[BlackElo "1475"]

1. e4 e5 2. Nf3 Qf6 3. d3 Nc6 4. Bg5 Qd6 5. Nc3 f6 6. Bh4 Qb4 7. Qc1 Bc5 8. a3
Qb6 9. Nd5 Qa5+ 10. b4 Bxf2+ 11. Bxf2 Qa4 12. d4 exd4 13. Nxd4 Nxd4 14. Bxd4 Rb8
15. Nxc7+ Kd8 16. Qf4 Ne7 17. Nd5 Nxd5 18. Qxb8 Qxc2 19. Qd6 Qxe4+ 20. Be2 Qxd4
21. Rd1 Qc3+ 22. Kf2 Qe3+ 23. Ke1 Re8 24. Rd2 Re6 25. Qxd5 b6 26. Kd1 Re5 27.
Qg8+ Re8 28. Qxg7 Qxe2+ 29. Rxe2 Rxe2 30. Kxe2 Ba6+ 31. Kf2 Kc7 32. Rc1+ Kd8 33.
Qxf6+ Ke8 34. Re1+ Be2 35. Rxe2# 1-0